| 000 | 00948nam a2200277 4500 | ||
|---|---|---|---|
| 001 | 0000013707 | ||
| 003 | CO-CtgCURN | ||
| 005 | 20250514173143.0 | ||
| 008 | 160627s1991 000 0 eng d | ||
| 020 | _a8482725246 | ||
| 040 |
_aCO-CtgCURN _bspa _ccoctgcurn |
||
| 082 | 0 |
_a346.023 _bV44c |
|
| 100 | 1 | _aVásquez Franco, Gladys. | |
| 245 | 1 | 3 |
_aLa concesion administrativa de servicio publico : _ben derecho español y colombiano / _cGladys Vásquez Franco. |
| 260 |
_aBogotá : _bTemis, _c1991. |
||
| 300 | _axvii, 195 p. | ||
| 336 | _2rdacontent | ||
| 337 |
_2rdamedia _asin mediacion _bn |
||
| 338 |
_2rdacarrier _avolumen _bnc |
||
| 500 | _aIncluye indice. | ||
| 505 | 8 | _aSistema concesional.--Relacion contractual.--Sistema jurisdicciónal | |
| 650 | 0 |
_aConcesiones _vLegislacion _zEspaña. |
|
| 908 | _a160627 | ||
| 942 |
_cBK _h346.023 _iV44c _2ddc _n0 |
||
| 999 |
_c20117 _d20117 |
||